Innovative Techniques and Applications of Modelling, Identification and Control Selected and Expanded Reports from ICMIC'17 /

This book presents the most important findings from the 9th International Conference on Modelling, Identification and Control (ICMIC'17), held in Kunming, China on July 10-12, 2017. It covers most aspects of modelling, identification, instrumentation, signal processing and control, with a parti...

Full description

Bibliographic Details
Corporate Author: SpringerLink (Online service)
Other Authors: Zhu, Quanmin (Editor, http://id.loc.gov/vocabulary/relators/edt), Na, Jing (Editor, http://id.loc.gov/vocabulary/relators/edt), Wu, Xing (Editor, http://id.loc.gov/vocabulary/relators/edt)
Format: Electronic eBook
Language:English
Published: Singapore : Springer Singapore : Imprint: Springer, 2018.
Edition:1st ed. 2018.
Series:Lecture Notes in Electrical Engineering, 467
Subjects:
Online Access:Full Text via HEAL-Link
LEADER 03703nam a2200613 4500
001 978-981-10-7212-3
003 DE-He213
005 20191028151458.0
007 cr nn 008mamaa
008 180420s2018 si | s |||| 0|eng d
020 |a 9789811072123  |9 978-981-10-7212-3 
024 7 |a 10.1007/978-981-10-7212-3  |2 doi 
040 |d GrThAP 
050 4 |a TJ212-225 
072 7 |a TJFM  |2 bicssc 
072 7 |a TEC004000  |2 bisacsh 
072 7 |a TJFM  |2 thema 
082 0 4 |a 629.8  |2 23 
245 1 0 |a Innovative Techniques and Applications of Modelling, Identification and Control  |h [electronic resource] :  |b Selected and Expanded Reports from ICMIC'17 /  |c edited by Quanmin Zhu, Jing Na, Xing Wu. 
250 |a 1st ed. 2018. 
264 1 |a Singapore :  |b Springer Singapore :  |b Imprint: Springer,  |c 2018. 
300 |a IX, 453 p. 291 illus., 68 illus. in color.  |b online resource. 
336 |a text  |b txt  |2 rdacontent 
337 |a computer  |b c  |2 rdamedia 
338 |a online resource  |b cr  |2 rdacarrier 
347 |a text file  |b PDF  |2 rda 
490 1 |a Lecture Notes in Electrical Engineering,  |x 1876-1100 ;  |v 467 
505 0 |a Modelling and system identification -- Advanced control methods -- Signal processing for condition monitoring and fault diagnosis -- Applications. 
520 |a This book presents the most important findings from the 9th International Conference on Modelling, Identification and Control (ICMIC'17), held in Kunming, China on July 10-12, 2017. It covers most aspects of modelling, identification, instrumentation, signal processing and control, with a particular focus on the applications of research in multi-agent systems, robotic systems, autonomous systems, complex systems, and renewable energy systems. The book gathers thirty comprehensively reviewed and extended contributions, which help to promote evolutionary computation, artificial intelligence, computation intelligence and soft computing techniques to enhance the safety, flexibility and efficiency of engineering systems. Taken together, they offer an ideal reference guide for researchers and engineers in the fields of electrical/electronic engineering, mechanical engineering and communication engineering.  . 
650 0 |a Control engineering. 
650 0 |a Computer simulation. 
650 0 |a System theory. 
650 0 |a Vibration. 
650 0 |a Dynamical systems. 
650 0 |a Dynamics. 
650 0 |a Robotics. 
650 0 |a Automation. 
650 1 4 |a Control and Systems Theory.  |0 http://scigraph.springernature.com/things/product-market-codes/T19010 
650 2 4 |a Simulation and Modeling.  |0 http://scigraph.springernature.com/things/product-market-codes/I19000 
650 2 4 |a Systems Theory, Control.  |0 http://scigraph.springernature.com/things/product-market-codes/M13070 
650 2 4 |a Vibration, Dynamical Systems, Control.  |0 http://scigraph.springernature.com/things/product-market-codes/T15036 
650 2 4 |a Robotics and Automation.  |0 http://scigraph.springernature.com/things/product-market-codes/T19020 
700 1 |a Zhu, Quanmin.  |e editor.  |4 edt  |4 http://id.loc.gov/vocabulary/relators/edt 
700 1 |a Na, Jing.  |e editor.  |4 edt  |4 http://id.loc.gov/vocabulary/relators/edt 
700 1 |a Wu, Xing.  |e editor.  |4 edt  |4 http://id.loc.gov/vocabulary/relators/edt 
710 2 |a SpringerLink (Online service) 
773 0 |t Springer eBooks 
776 0 8 |i Printed edition:  |z 9789811072116 
776 0 8 |i Printed edition:  |z 9789811072130 
776 0 8 |i Printed edition:  |z 9789811339233 
830 0 |a Lecture Notes in Electrical Engineering,  |x 1876-1100 ;  |v 467 
856 4 0 |u https://doi.org/10.1007/978-981-10-7212-3  |z Full Text via HEAL-Link 
912 |a ZDB-2-ENG 
950 |a Engineering (Springer-11647)